| 000 | 00582nam a2200229 a 4500 | ||
|---|---|---|---|
| 001 | nice12345678 | ||
| 003 | IN_TiNIC | ||
| 005 | 20260116014031.0 | ||
| 008 | 100108s2009 cama grp 000 0 eng | ||
| 020 |
_a0521695597 _c1640 |
||
| 082 | 0 | 0 |
_a190.20 _bOHE |
| 100 | _aO`Hear, Anthony | ||
| 245 | _aPolitical Philosophy | ||
| 260 |
_aCambridge _bCambridge University Press _c2009 |
||
| 300 | _a246p | ||
| 500 | _aincludes index and biblioraphy | ||
| 650 | _aPolitics and Philosophy | ||
| 700 | 1 | _aO`Hear, Anthony | |
| 902 | _bSRS | ||
| 942 | _cBK | ||
| 999 |
_c13592 _d13592 |
||